| 000 | 01230nam a2200193 a 4500 | ||
|---|---|---|---|
| 003 | PILC | ||
| 005 | 20250911115648.0 | ||
| 008 | 061216s1953 xx 00 eng d | ||
| 010 | _aAcc#11048 | ||
| 040 | _cPhilippine Baptist Theological Seminary | ||
| 050 |
_aBV 285 _bA73 1953 |
||
| 100 | 1 | 0 |
_aAhrendt, Vivian _eAuthor |
| 245 | 1 | 0 |
_aMore Prayer Meeting topics / _cby Vivian Ahrendt. |
| 264 |
_aAnderson, IN : _bThe Warner Press, _c©1953. |
||
| 300 | _aiii, 128 p. ; 19 cm. | ||
| 505 | _aMeeting trouble victoriously -- "In all ways acknowledge Him" -- Prayer that brings an answer -- The missionary who asked for hard job -- "But some doubted" (Easter service) -- The great physicial is still at work -- What the Holy Spirit does for us -- Bible warnings -- Give the Bible a chance -- Inspiration from the life of the apostle Paul -- Stories of favorite songs -- The value of humility -- Prayer for others -- The "Fear Nots" of the Bible -- Ordinary Andrew -- Meeting injustice -- The prayer habits of Jesus -- What can one person do? -- Talking about God -- Thinking about thanksgiving -- God supplying man's need (Christmas) -- The blessing of obedience | ||
| 650 | _aPRAYER MEETINGS | ||
| 942 |
_cCB _2lcc |
||
| 999 |
_c4046 _d4046 |
||